000 00663nam a2200205 i 4500
001 104519
003 ES-MaACL
005 20251114150616.0
007 t|
008 051130s1969 sp ||||1| spa d
100 1 _aMillot, Bernard.
_981268
245 1 3 _aLa guerra del Pacífico /
_cBernard Millot; [traducción... Miguel Giménez Sales].
250 _a[1ª ed.].
260 _aBarcelona :
_bBruguera,
_c1969.
300 _a2 v. :
_bil. ;
_c21 cm.
505 8 _aContiene: V.I.-- La ofensiva japonesa. V.II.-- El alud americano
700 1 _aGiménez Sales, Miguel,
_d1922-
_957067
852 _aES-MaACL
_jC-39397-98
_bR.69961
999 _c104519
_d104519